|
|
|
|
| LEADER |
00000nab a2200000 a 4500 |
| 001 |
vtls000156763 |
| 003 |
SK-MaSNL |
| 005 |
20260304062114.0 |
| 008 |
250422c1983 xo 0 slo |
| 015 |
|
|
|a SNBRB19rr/mm-uuuuu
|
| 035 |
|
|
|a CL0166870
|
| 035 |
|
|
|a urn:nbn:sk:snk-ab423
|
| 035 |
|
|
|a (urnnbn)urn:nbn:sk:snk:ar-005350
|
| 035 |
|
|
|a (uuid)01d8362a-64b6-4569-a7c4-c5a96c9d770a
|
| 040 |
|
|
|a SNKBUCL
|b slo
|c SNKBUCL
|e AACR2
|
| 041 |
0 |
|
|a slo
|
| 044 |
|
|
|a xo
|c SK
|
| 080 |
|
|
|a 730.071.1
|2 1981
|
| 080 |
|
|
|a 929 Drexler, Anton
|2 1981
|
| 245 |
0 |
0 |
|a Anton Drexler
|
| 600 |
1 |
7 |
|a Drexler, Anton,
|d 1908-1984
|2 snkbucl
|9 38646
|
| 655 |
|
7 |
|a články z novín a časopisov
|2 snkbucl
|9 267496
|
| 773 |
0 |
|
|t Výtvarný život
|g Roč. 28, č. 6 (1983), s. 45
|
| 850 |
|
|
|a Slovenská národná knižnica
|
| 852 |
|
|
|a Slovenská národná knižnica
|
| 954 |
|
|
|a odborná, vedecká literatúra pôvodná (slovenská)
|2 lita
|
| 958 |
|
|
|a article27
|
| 958 |
|
|
|a BX
|
| 958 |
|
|
|a RK
|
| 958 |
|
|
|a OND
|
| 958 |
|
|
|a EUIPO
|
| 992 |
|
|
|a RBX
|
| 999 |
|
|
|c 2736513
|d 2738443
|